| 000 | 00522nam a22001937a 4500 | ||
|---|---|---|---|
| 003 | OSt | ||
| 005 | 20140310182201.0 | ||
| 008 | 130902t xxu||||| |||| 00| 0 eng d | ||
| 020 | _a9719159510 | ||
| 050 |
_aBS 551.2 _b.P669 1995 |
||
| 082 |
_aHS 220 _bB27 1995 |
||
| 100 |
_aPirlo, Paolo O. _916261 |
||
| 245 |
_aMy first Bible / _cFr. Paolo O. Pirlo |
||
| 260 |
_aMakati, M.Manila : _bDon Bosco Press, _cc1995. |
||
| 300 |
_a224 p. : _bcol. ill. ; _c16 cm. |
||
| 650 | _aBible | ||
| 942 |
_2lcc _cHS |
||
| 999 |
_c10221 _d10221 |
||